Tradición y reforma en 1810.

Gardado en:
Detalles Bibliográficos
Autor Principal: Villalobos Rivera, Sergio (autor)
Formato: Libro
Publicado: Santiago, Chile: RIL Editores, 2006.
Edición:Segunda edición.
Subjects:
Tags: Engadir etiqueta
Sen Etiquetas, Sexa o primeiro en etiquetar este rexistro!

MARC

LEADER 00000cam a2200000 a 4500
001 UCO2529
003 CL-VaPUC
005 20220822114510.0
008 220617b2006 ||||| |||| 00| 0 eng d
999 |c 436108  |d 436106 
020 |a 956-284-487-0 
040 |c Pontificia Universidad Católica de Valparaíso 
082 0 4 |a 983.04 VIL 2006  |2 21 
100 0 |a Villalobos Rivera, Sergio  |e autor  |9 445829 
245 1 0 |a Tradición y reforma en 1810. 
250 |a Segunda edición.  
260 |a Santiago, Chile:  |b RIL Editores,   |c 2006. 
300 |a 296 páginas. 
500 |a c.1 Donación Familia Prof. Alejandro Guzmán Brito. 
583 |a last modification  |c 20150603 12:51:29  |k Cristina María Rojas Aguilar 
650 0 |a Historia de Chile 1810  |y 1810  |9 443761 
651 |a Chile  |x Independencia  |9 870920 
942 |c BK  |2 ddc  |n 0 
952 |0 0  |1 0  |2 ddc  |4 0  |6 983_040000000000000_VIL_2006  |7 1  |8 C_AGB  |9 583839  |a BIBDER  |b BIBDER  |d 2022-06-17  |e Donación   |i 5651960  |o 983.04 VIL 2006  |p 5651960  |r 2023-01-25  |t 1  |w 2022-06-17  |y BK_US  |k AGB